Daňové priznanie k dani z príjmov právnickej osoby za rok 2015

Podanie daňového priznania k dani z príjmov je zákonnou povinnosťou každého daňovníka, pokiaľ mu zo zákona nevyplýva niečo iné. V DP je daňovník povinný daň si sám vypočítať. Na účely podania DP je daňovník povinný zostaviť účtovnú závierku podľa zákona č. 431/2004 Z. z. o účtovníctve v z. n. p. k...

Descrizione completa

Salvato in:
Dettagli Bibliografici
Autore principale: Vanková, Lucia
Natura: Capitolo di libro
Lingua:slovacco
Soggetti:
Tags: Aggiungi Tag
Nessun Tag, puoi essere il primo ad aggiungerne!!

MARC

LEADER 00000naa a2200000 4500
001 0212806
005 20231208091403.8
041 0 |a slo 
044 |a SK 
245 1 0 |a Daňové priznanie k dani z príjmov právnickej osoby za rok 2015  |c Lucia Vanková 
520 |a Podanie daňového priznania k dani z príjmov je zákonnou povinnosťou každého daňovníka, pokiaľ mu zo zákona nevyplýva niečo iné. V DP je daňovník povinný daň si sám vypočítať. Na účely podania DP je daňovník povinný zostaviť účtovnú závierku podľa zákona č. 431/2004 Z. z. o účtovníctve v z. n. p. ku koncu zdaňovacieho obdobia a v termíne na podanie daňového priznania ju uložiť do registra. 
610 2 0 |a priznania daňové 
610 2 0 |a povinnosť daňová 
610 2 0 |a dane z príjmov 
610 2 0 |a osoby právnické 
100 1 |a Vanková, Lucia